| 000 | 01006nam a2200265Ia 4500 | ||
|---|---|---|---|
| 003 | OSt | ||
| 005 | 20220923211153.0 | ||
| 006 | a|||||r|||| 00| 0 | ||
| 007 | ta | ||
| 008 | 220922b |||||||| |||| 00| 0 pan d | ||
| 020 |
_a81876542260 _c150 |
||
| 024 | _a260,703 | ||
| 037 |
_b535, 02/12/2011, H.K. Prakashan _cTextual |
||
| 040 |
_aARTS _cARTS _bpan |
||
| 041 |
_2pan _apan |
||
| 082 | _aO152,3N25,MM, 153Q1 | ||
| 100 |
_aਸੋਬਤੀ, ਕ੍ਰਿFਨਾ; ਸੰਧੂ, ਸਵੈਰਾਜ, ੳਗ. _9159094 |
||
| 245 | 0 | _aਮਿੱਤਰੋ ਮਰਜਾਣੀ | |
| 260 |
_aਦਿੱਲੀ _b ਮਨਪ੍ਰੀਤ ਪ੍ਰਕਾFਨ _c2011 |
||
| 300 |
_a64ਪੰ _ccm. |
||
| 650 |
_a ਪੰਜਾਬੀ ਨਾਵਲ _9156368 |
||
| 650 |
_aਹਿੰਦੀ ਸਾਹਿਤ _9159095 |
||
| 942 |
_hO152,3N25,MM, 153Q1 _cTEXL _2CC |
||
| 999 |
_c296295 _d296295 |
||